| 000 | 00460nam a2200193Ia 4500 | ||
|---|---|---|---|
| 003 | OSt | ||
| 005 | 20241009163205.0 | ||
| 008 | 210210b1960 xxu||||| |||| 00| 0 eng d | ||
| 040 | _cAL | ||
| 041 | _aEnglish | ||
| 082 | _a824 LADS | ||
| 100 |
_aLADY BIRD BOOK SERIES _9182010 |
||
| 245 | _aStory of Charles II. | ||
| 260 |
_aEngland _bWills & Hepworth Ltd. _c1960 |
||
| 300 | _a50 | ||
| 690 |
_aEnglish Prose _9182011 |
||
| 906 | _a037745 | ||
| 942 |
_2ddc _cBK |
||
| 999 |
_c88129 _d88129 |
||